000
002750000a22000970004500
100
1
_a
Ibañez Arana, Andrés
245
1
0
_a
Ex. 3,14a : Explicación de un nombre singular, YHWH
300
_a
vol. 57, núm 1 (1999), Páginas 375-388
773
0
_t
Estudios Bíblicos
942
_c
ANA
999
_c
50294
_d
50294